Catálogo

Inmunología celular y molecular / (Registro nro. 63684)

Detalles MARC
000 -LEADER
fixed length control field 01124cam a2200313 i 4500
001 - CONTROL NUMBER
control field 63684
003 - CONTROL NUMBER IDENTIFIER
control field Mx-PuUPA
005 - DATE AND TIME OF LATEST TRANSACTION
control field 20241121155349.0
008 - FIXED-LENGTH DATA ELEMENTS--GENERAL INFORMATION
fixed length control field 151027s2015 sp a gr 001 0 spa d
020 ## - INTERNATIONAL STANDARD BOOK NUMBER
International Standard Book Number 9788490228944
040 ## - CATALOGING SOURCE
Original cataloging agency MX-PuUPA
Language of cataloging spa
Description conventions rda
Transcribing agency Mx-PuUPA
Modifying agency Mx-PuUPA
041 1# - LANGUAGE CODE
Language code of text/sound track or separate title spa
Language code of original eng
100 1# - MAIN ENTRY--PERSONAL NAME
Personal name Abbas, Abul K.,
Relator term autor
9 (RLIN) 637
240 10 - UNIFORM TITLE
Uniform title Cellular and molecular immunology.
Language of a work Español
245 10 - TITLE STATEMENT
Title Inmunología celular y molecular /
Statement of responsibility, etc. Abul K. Abbas, Andrew H. Lichtman, Shiv Pillai
250 ## - EDITION STATEMENT
Edition statement Octava edición
264 #1 - PRODUCTION, PUBLICATION, DISTRIBUTION, MANUFACTURE, AND COPYRIGHT NOTICE
Place of production, publication, distribution, manufacture España :
Name of producer, publisher, distributor, manufacturer Elsevier España,
Date of production, publication, distribution, manufacture, or copyright notice ©2015
300 ## - PHYSICAL DESCRIPTION
Extent vi, 537 páginas :
Other physical details ilustraciones (a color) ;
Dimensions 28 cm
336 ## - CONTENT TYPE
Content type term texto
Fuente rdacontent
Content type code txt
337 ## - MEDIA TYPE
Media type term sin medio
Source rdamedia
Media type code n
338 ## - CARRIER TYPE
Carrier type term volumen
Source rdacarrier
Carrier type code nc
650 #4 - SUBJECT ADDED ENTRY--TOPICAL TERM
Topical term or geographic name entry element Inmunología
700 1# - ADDED ENTRY--PERSONAL NAME
Personal name Lichtman, Andrew H.
Relator term autor
9 (RLIN) 638
700 1# - ADDED ENTRY--PERSONAL NAME
Personal name Pillai, Shiv,
Relator term autor
9 (RLIN) 639
765 08 - ORIGINAL LANGUAGE ENTRY
Main entry heading Abbas, Abul K.
Place, publisher, and date of publication [Lugar de publicación no identificado] : Saunders, ©2015
Title Cellular and molecular immunology
942 ## - ADDED ENTRY ELEMENTS (KOHA)
Source of classification or shelving scheme Dewey Decimal Classification
Koha item type Libro
Classification part 616.079
Item part A122
Existencias
Withdrawn status Lost status Source of classification or shelving scheme Damaged status Not for loan Collection code Home library Current library Shelving location Date acquired Source of acquisition Total Checkouts Total Renewals Full call number Barcode Date last seen Date last checked out Price effective from Koha item type Copy number
    Dewey Decimal Classification     General Biblioteca Karol Wojtyla Biblioteca Karol Wojtyla Sala general 27/10/2015 Compra 48 14 616.079 ABB 2015 94710 11/05/2026 30/04/2026 26/10/2017 Libro  
    Dewey Decimal Classification     General Biblioteca Karol Wojtyla Biblioteca Karol Wojtyla Sala general 24/10/2017 Compra     616.079 A122 2015 98775 05/01/2026   24/10/2017 Reserva permanente Ej.2
    Dewey Decimal Classification     General Biblioteca Karol Wojtyla Biblioteca Karol Wojtyla Sala general 27/10/2015 Compra     616.079 A122 2015 94711 05/01/2026   27/10/2015 Reserva permanente